000 00416nam a2200193Ia 4500
005 20240823051401.0
008 240823s9999||||xx |||||||||||||| ||und||
020 _a978-81-264-3171-7
041 _aMALAYALAM
082 _A080 Q1
100 _aAsok B
245 0 _aThenkeni
250 _a1st
260 _c2011
_bCurrent Book
500 _aYES
650 _aEssay
_bGeneral
942 _cBK
999 _c219468
_d219468